<?xml version="1.0" encoding="UTF-8"?><?xml-stylesheet type="text/xsl" href="static/style.xsl"?><OAI-PMH xmlns="http://www.openarchives.org/OAI/2.0/" xmlns:xsi="http://www.w3.org/2001/XMLSchema-instance" xsi:schemaLocation="http://www.openarchives.org/OAI/2.0/ http://www.openarchives.org/OAI/2.0/OAI-PMH.xsd"><responseDate>2026-06-01T19:52:51Z</responseDate><request verb="GetRecord" identifier="oai:riuma.uma.es:10630/40908" metadataPrefix="marc">https://riuma.uma.es/rest/oai/request</request><GetRecord><record><header><identifier>oai:riuma.uma.es:10630/40908</identifier><datestamp>2026-02-03T11:38:20Z</datestamp><setSpec>com_10630_2254</setSpec><setSpec>col_10630_37956</setSpec></header><metadata><record xmlns="http://www.loc.gov/MARC21/slim" xmlns:dcterms="http://purl.org/dc/terms/" xmlns:doc="http://www.lyncode.com/xoai" xmlns:xsi="http://www.w3.org/2001/XMLSchema-instance" xsi:schemaLocation="http://www.loc.gov/MARC21/slim http://www.loc.gov/standards/marcxml/schema/MARC21slim.xsd">
   <leader>00925njm 22002777a 4500</leader>
   <datafield ind2=" " ind1=" " tag="042">
      <subfield code="a">dc</subfield>
   </datafield>
   <datafield ind2=" " ind1=" " tag="720">
      <subfield code="a">Bernedo-Muñoz, Isabel María</subfield>
      <subfield code="e">author</subfield>
   </datafield>
   <datafield ind2=" " ind1=" " tag="720">
      <subfield code="a">Gómez-del-Águila, Luisa María</subfield>
      <subfield code="e">author</subfield>
   </datafield>
   <datafield ind2=" " ind1=" " tag="720">
      <subfield code="a">Delgado-Ríos, Myriam</subfield>
      <subfield code="e">author</subfield>
   </datafield>
   <datafield ind2=" " ind1=" " tag="720">
      <subfield code="a">Galache-Laza, Teodoro Pascual</subfield>
      <subfield code="e">author</subfield>
   </datafield>
   <datafield ind2=" " ind1=" " tag="720">
      <subfield code="a">Mena-Rodríguez, Esther</subfield>
      <subfield code="e">author</subfield>
   </datafield>
   <datafield ind2=" " ind1=" " tag="720">
      <subfield code="a">Naranjo-de-la-Cruz, Rafael</subfield>
      <subfield code="e">author</subfield>
   </datafield>
   <datafield ind2=" " ind1=" " tag="720">
      <subfield code="a">Parra Muñoz, Juan Manuel</subfield>
      <subfield code="e">author</subfield>
   </datafield>
   <datafield ind2=" " ind1=" " tag="720">
      <subfield code="a">Pérez-Jiménez, María Fátima</subfield>
      <subfield code="e">author</subfield>
   </datafield>
   <datafield ind2=" " ind1=" " tag="260">
      <subfield code="c">2020-01-01</subfield>
   </datafield>
   <datafield ind2=" " ind1=" " tag="520">
      <subfield code="a">En una universidad donde el profesorado y el alumnado se enfrentan a niveles crecientes de estrés, exigencia académica y desconexión emocional, Delgado‑Ríos propone un cambio de paradigma: sólo quien es consciente puede educar de modo consciente. El libro se articula en varias secciones: comienza con una revisión de la necesidad de integrar la atención plena (mindfulness) en el ámbito universitario, continúa con la formación de profesionales conscientes, y finaliza con una colección de prácticas de mindfulness aplicadas en el aula (como “Liberación emocional”, “Respiración consciente”, “Compasión” o “Soltar”). En la sección de Intervención, se describe un programa piloto llevado a cabo en la Universidad de Málaga con 10 docentes y unos 1.500 estudiantes, mediante diseño pre‑test/post‑test. Los resultados muestran una reducción de los niveles de estrés y ansiedad, y mejoras en la atención, la productividad del aula y la calidad de las relaciones interpersonales. El libro profundiza en cómo incorporar rutinas de atención plena en el aprendizaje, la docencia y la gestión emocional, proponiendo herramientas prácticas alineadas con la enseñanza universitaria.&#xd;
&#xd;
Importante además es su enfoque didáctico: el tercer bloque pone a disposición de lectores y profesionales un catálogo de ejercicios concretos adaptados al contexto académico, lo que convierte la obra en un recurso valioso tanto para la formación de futuros profesionales como para la mejora de la práctica docente. Esta combinación de fundamentación teórica, evidencias empíricas y guías de práctica convierte el libro en una referencia para quienes desean incorporar el mindfulness en entornos educativos de nivel superior.</subfield>
   </datafield>
   <datafield ind1="8" ind2=" " tag="024">
      <subfield code="a">Delgado-Ríos, Myriam (Coord.) (2020). Mindfulness en el Contexto Universitario. Formando a Profesionales Conscientes. Madrid: Dykinson. ISBN: 978-84-1377-177-9</subfield>
   </datafield>
   <datafield ind1="8" ind2=" " tag="024">
      <subfield code="a">https://www.dykinson.com/libros/mindfulness-en-el-contexto-universitario-formando-a-profesionales-conscientes/9788413771779/</subfield>
   </datafield>
   <datafield ind1="8" ind2=" " tag="024">
      <subfield code="a">https://hdl.handle.net/10630/40908</subfield>
   </datafield>
   <datafield tag="653" ind2=" " ind1=" ">
      <subfield code="a">Terapia de atención plena</subfield>
   </datafield>
   <datafield tag="653" ind2=" " ind1=" ">
      <subfield code="a">Enseñanza - Innovaciones</subfield>
   </datafield>
   <datafield tag="653" ind2=" " ind1=" ">
      <subfield code="a">Pedagogía - Práctica</subfield>
   </datafield>
   <datafield ind2="0" ind1="0" tag="245">
      <subfield code="a">Mindfulness en el contexto universitario. Formando a profesionales conscientes.</subfield>
   </datafield>
</record>
</metadata></record></GetRecord></OAI-PMH>